01221agaaa2200277 45000010005000000030009000050050017000140070009000310080040000400400023000800410013001031000049001161300051001652450167002162500022003832600123004053000034005285080053005625200051006155380009006665460013006756500060006887000061007487000066008097000068008750547IT-RoPAU20220918181257.0d cvaizq50131s9999||||xx ||| | || ||und|| aIT-RoPAUcIT-RoPAU aITALIANO aDe Andreis LucagCodice regista SPICS: 27798 aQUOTIDIANO IN CLASSE (IL)-1-SOLTANTO UNA MODA? aQUOTIDIANO IN CLASSE (IL)-1-SOLTANTO UNA MODA?cDiretto da: De Andreis LucapQUOTIDIANO IN CLASSE (IL)-1-SOLTANTO UNA MODA? (Rif. Codice opera principale : V0547) aEdizione Standard aROMA (ITALIA)bSAMPAOLO FILM AUDIOVISIVI / Distribuzione: SPF FIRENZEg"1980 (1° ed.: 1993 ; Ed. Lingua Orig.: 1980)" a16MMbsonoro, col.c17 minuti aSoggetto: Spinelli Anna Rita -- Tesorio Giuseppe aPER ARGOMENTI VEDERE VIDEOCASSETTA: 9962/79223 aMONO aITALIANO aDIDATTICOePELLICOLE [16MM]xCodice MATERIA SPICS: 9956 aDe Andreis Luca e(regista)gCodice regista SPICS: 27798 aSpinelli Anna Rita e(soggetto)gCodice Soggetto SPICS: 25379 aTesorio Giuseppe e(soggetto)gCodice Soggetto 2° SPICS: 22432